Community health nursing / (Record no. 9045)
[ view plain ]
| 000 -LEADER | |
|---|---|
| fixed length control field | 00654nam a22002172 4500 |
| 001 - CONTROL NUMBER | |
| control field | 0000019691 |
| 005 - DATE AND TIME OF LATEST TRANSACTION | |
| control field | 20151217152200.0 |
| 008 - FIXED-LENGTH DATA ELEMENTS--GENERAL INFORMATION | |
| fixed length control field | 110120s xx 000 0 eng d |
| 020 ## - INTERNATIONAL STANDARD BOOK NUMBER | |
| International Standard Book Number | 8184480962 : |
| 040 ## - CATALOGING SOURCE | |
| Original cataloging agency | KABU |
| Transcribing agency | KABU |
| 100 1# - MAIN ENTRY--PERSONAL NAME | |
| Personal name | Basvanthappa, B. T. |
| -- | 0000179566 |
| 245 10 - TITLE STATEMENT | |
| Title | Community health nursing / |
| Statement of responsibility, etc. | B. T. Basavanthappa. |
| 250 ## - EDITION STATEMENT | |
| Edition statement | 2nd ed. |
| 260 ## - PUBLICATION, DISTRIBUTION, ETC. (IMPRINT) | |
| Place of publication, distribution, etc. | New Delhi : |
| Name of publisher, distributor, etc. | Jaypee, |
| Date of publication, distribution, etc. | 2008. |
| 300 ## - PHYSICAL DESCRIPTION | |
| Extent | 1088 p. |
| 650 #0 - SUBJECT ADDED ENTRY--TOPICAL TERM | |
| Topical term or geographic name as entry element | Community health nursing. |
| -- | 0000179567 |
| 852 1# - LOCATION | |
| -- | p1680 KES |
| 852 1# - LOCATION | |
| -- | p1680 KES |
| 908 ## - PUT COMMAND PARAMETER (RLIN) | |
| Put command parameter | 110120 |
| 950 ## - LOCAL HOLDINGS (RLIN) | |
| -- | 1 |
| Withdrawn status | Lost status | Source of classification or shelving scheme | Not for loan | Home library | Current library | Date acquired | Total Checkouts | Full call number | Barcode | Date last seen | Date last checked out | Price effective from | Koha item type | Total Renewals | Shelving location | Cost, normal purchase price |
|---|---|---|---|---|---|---|---|---|---|---|---|---|---|---|---|---|
| Library of Congress Classification | Kabarak, Main Campus | Kabarak, Main Campus | 17/12/2015 | 10 | RT98 .B37 2008 c. 1 | 22755 | 12/10/2023 | 05/10/2023 | 17/12/2015 | General Collection | ||||||
| Library of Congress Classification | Kabarak, Main Campus | Kabarak, Main Campus | 17/12/2015 | 13 | RT98 .B37 2008 c. 2 | 22754 | 13/02/2024 | 13/12/2023 | 17/12/2015 | General Collection | 1 | |||||
| Library of Congress Classification | Kabarak, Main Campus | Kabarak, Main Campus | 05/07/2018 | 6 | RT98 .B37 2008 c. 3 | 025417 | 16/08/2023 | 15/06/2023 | 05/07/2018 | General Collection | 2 | General Stacks | 3500.00 | |||
| Library of Congress Classification | Kabarak, Main Campus | Kabarak, Main Campus | 05/07/2018 | 11 | RT98 .B37 2008 c. 4 | 025418 | 02/04/2026 | 17/03/2026 | 05/07/2018 | General Collection | 5 | General Stacks | 3500.00 |